000 nam a22 a 4500
999 _c390371
_d390371
003 BLK
005 20201020145739.0
008 180412b bul|||||r ||||||| ||bul||
010 _aKNG00008573000
040 _aBLK
041 _aRUS
_cRUS
072 7 _2bullib
_aЦ
_xРедки и ценни
080 _aНемска литература
_b821.112.2
_x(081)
_z821.112.2(081)
100 _aШиллер, Иоганн Фридрих
_eпърви автор
_9435412
139 _aШиллер, Иоганн Фридрих
245 1 0 _aПолное собрание сочинений Шиллера в переводе русских писателей
_bПерепеч. 5-го изд. Н.В. Гербеля. Т. 1-3
_cИ. Шиллер
_nТ. 3
250 _a6. изд.
260 _c1884
_aСанкт-Петербург
300 _c25 см
_a500 с.
380 _aX
490 _9435080
_aКолекция Редки и ценни издания
760 1 _a Шиллер, Иоганн Фридрих
_b6. изд.
_d1884
_h500 с., 24 см
_tТ. 3
852 _aРр 883
_bРц
856 4 _qpdf
_u
942 _cKNG
_n0
_s1
944 _aCR
_c2020-10-20
_kРенета Константинова
999 _d390370